000 01130nam2a22003011 4500
001 v19\rc\1795777
005 20250619081634.0
035 _a(NLR Aleph) 004886463
090 _a5224935
_c5224935
100 _a20061204d1905 |||y0rusy50 ca
101 0 _arus
102 _aRU
105 _aa z |||||
200 1 _aОб устройстве рыбоводных прудов
210 _d1905
_aБ. м.
215 _aVIII, 157 с.
_cил.
320 _aБиблиогр.: с. VIII
461 0 _1001v19\rc\1795776
_12001#$aРыбоводство в прудах и озерах$f[Соч.] В.Л. Сикорского. 1-$v1
_1700#1$aСикорский$bВ.Л.
_95224927
_aСикорский, В.Л.
_cСанкт-Петербург
_d1905
_f[Соч.] В.Л. Сикорского. 1-
_nА.Ф. Девриен
_tРыбоводство в прудах и озерах
_v1
801 0 _aRU
_bNLR
_gpsbo
801 0 _aRU
_bRuMoRGB
_2psbo
801 1 _aRU
_bProSoft-M
_2rusmarc
852 _aNLR
_j38.9.7.8
899 _aRuMoRGB
_jO 60/1
899 _aБАН
899 _aНБ СПбГУ
899 _aНБ МГУ
942 _cBOOK
980 _aNB